01160 2200361 4500001002100000005001500021035002000036007000300056040001700059100003500076245014700111300003400258504002500292020002200317041000800339082001400347084002000361090002400381264003000405336002100435337003000456338002300486500002900509650001800538700003800556700005100594850001000645008004100655990002500696990002700721990002500748990002500773INLIS00000000000685020260410081640 a0010-0622000185ta aSBPUPADbind0 aYusup PriyasudiarjaePengarang1 aSeventy English Games:Fun Dan Learning :bCara Asyik Belajar Bahasa Inggris /cYusup Priyasudiarja, Y.Sri Purwaningsih.; Editor,Arie Prabawati axiv 274 hlm :bilus. ;c21 cm aBibliografi, hlm 263 a978-979-29-4550-80 aind a372.652.1 a372.652.1 YUS t a372.652.1 YUS t 3-4 aYogyakarta :bANDI,c2014 2rdacontentaTeks 2rdamediaaTanpa Perantara 2rdacarrieravolume aBiodata Penulis, hlm 265 4aEnglish Games0 aEditor, Arie PrabawatiePengarang0 aPengarang Ke-2, Y. Sri PurwaningsihePengarang aPUPAD260410 0  a22.217/KAPD/PDG/2016 a22.219/RAPD/PDG/2016/B a22.217/KAPD/PDG/2016 a22.218/KAPD/PDG/2016